U.S. Cities Which Had The Most Snowfall In 2023 - Statistics

General Stats
  • This quiz has been taken 46 times
  • The average score is 12 of 15
Answer Stats
Snowfall (Inches) State Population City % Correct
130.3 Alaska 283,424 Anchorage
100%
38.3 Colorado 708,948 Denver
98%
71.3 New York 275,352 Buffalo
93%
50.0 Colorado 492,204 Colorado Springs
91%
35.0 Iowa 208,254 Des Moines
88%
43.3 Wisconsin 275,493 Madison
88%
60.8 New York 142,110 Syracuse
88%
47.1 Wisconsin 104,936 Green Bay
86%
52.5 New York 207,537 Rochester
86%
84.0 Colorado 102,858 Boulder
81%
47.5 Michigan 195,118 Grand Rapids
81%
36.9 Michigan 116,125 Ann Arbor
77%
37.8 New Hampshire 114,783 Manchester
77%
42.5 Massachusetts 205,575 Worcester
72%
42.5 Colorado 156,004 Lakewood
37%
No matching quizzes found
Score Distribution
Percent of People with Each Score
Percentile by Number Answered
Your Score History
You have not taken this quiz